000 00555nam a22001817a 4500
003 KOHA_MİRAKIL
005 20251221143442.0
008 251221b tu ||||| |||| 00| 0 tur d
020 _a9789754829587
040 _aTR-AnABB
_btur
_cTR-AnABB
041 _atur
082 _a324.2561
_bSIY 2011
245 1 0 _aSiyasi partilerin Avrupa Birliği'ne bakışı /
260 _aAnkara :
_bAnkara Üniversitesi Avrupa Toplulukları Araştırma ve Uygulama Merkezi,
_c2011
300 _a362 sayfa ;
_c24 cm
650 0 4 _aSiyasi partiler
942 _2ddc
_cBK
999 _c9848
_d9848
900 _bGizem YORULMAZ